000 00826cam a2200241 i 4500
001 2330
005 20241206143225.0
020 _a9780545569156
020 _a9780545540063
040 _aDLC
_beng
_cDLC
_erda
_dDLC
050 0 0 _aGV865.R6
_bR593 2013
082 0 0 _a796.357092
_aB
_223
100 1 _aRobinson, Sharon
_d1950-
245 1 0 _aJackie Robinson :
_bAmerican hero /
_cby Sharon Robinson.
250 _aFirst printing, January 2013
260 _aNew York :
_bScholastic,
_c2013
300 _a48 pages :
_billustrations
_c24 cm
520 _aThe life and career of Jackie Robinson.
650 0 _aBaseball players
_zUnited States
_vBiography
_vJuvenile literature.
650 0 _aAfrican American baseball players
_vBiography
_vJuvenile literature.
906 _a7
_bcbc
_corignew
_d1
_eecip
_f20
_gy-gencatlg
942 _2ddc
_cBK
_n0
999 _c2330
_d2330